Quizzes
Events
Quiz Creation
Community
Videos
Private Events
Remove Ads
Sign In
Join for FREE
Feedback
Dark Mode
Quiz Categories
Sports
Geography
Music
Movies
Television
Just For Fun
Miscellaneous
History
Literature
Language
Science
Gaming
Entertainment
Religion
Holiday
For Kids
Quiz Lab
Recent
Popular Today
Quiz Kudos Today
Editor Picks
Curator Picks
Quizzes by...
Day
Popularity
Type
Ratings
Length
Year
Community
Subscriptions
Recent Discussions
Orange Saloon
Badges
Playlists
Quests
Create
Leaderboards
Showdown
Live 5
Trivia Bingo
Activity
Puzzle Library
Sporcle Events
Private Events
Virtual Trivia
Globe League
Become a Host
Pub Owners
SporcleCon
Opinionation
Our Games
Videos
Blog
Mobile Apps
Partnerships
Remove Ads and Go Orange
Feedback
Movies
Disney
Marvel Cinematic Universe
Movie Resume
Movie Titles
Oscar
Actor
Actress
Director
Pixar
Role
Movie Quotes
Movie Characters
Box Office
Nominee
Best Picture
Star Wars
James Bond
Horror Movies
Movies
Disney
Marvel Cinematic Universe
Movie Resume
Movie Titles
Oscar
Actor
Actress
Director
Pixar
Role
Movie Quotes
Movie Characters
Box Office
Nominee
Best Picture
Star Wars
James Bond
Horror Movies
Random Quiz
Search Sporcle
×
Quiz Lab
Quiz Lab
Movies
Nominee
Type in answers that appear in a list
Type in answers that appear in a list
Classic
Best Score? Go Orange.
Oscar Nominees (1992) Stats
Can you name the nominees nominated at the 1993 oscar ceremony?
By
mtchd
10m
63 Questions
481 Plays
481 Plays
481 Plays
Comments
Comments
Give Quiz Kudos
Give Quiz Kudos
-
- Ratings
hide this ad
Replay
Link that replays current quiz
Next Quiz
Link to next quiz in quiz playlist
You Got
0%
They Got
Avg Score
72%
Avg Friend Score
Upgrade to see
Score Distribution
Jump to the score distribution portion of the page
Score
0/63
Timer
10:00
0
Plays Today
% Correct
*Unforgiven*
98.3%
Unforgiven (David Webb Peoples)
98.1%
Unforgiven (Jack N. Green)
98.1%
*Unforgiven* (Joel Cox)
98.1%
Unforgiven (Henry Bumstead, Janice Blackie-Goodine)
98%
*Clint Eastwood* (Unforgiven)
97.5%
Clint Eastwood (Unforgiven)
97.5%
*Al Pacino* (Scent of a Woman)
96.7%
Al Pacino (Glengarry Glen Ross)
96.7%
Scent of a Woman
96%
Scent of a Woman (Bo Goldman)
96%
*Howards End* (Luciana Arrighi, Ian Whittaker)
95.5%
Howards End
95.4%
*Gene Hackman* (Unforgiven)
95.4%
*Howards End* (Ruth Prawer Jhabvala)
95.4%
Howards End (Tony Pierce-Roberts)
95.4%
Howards End (Jenny Beavan, John Bright)
95.4%
*Emma Thompson* (Howards End)
94.6%
*Marisa Tomei* (My Cousin Vinny)
86.7%
A Few Good Men
84.2%
A Few Good Men (Robert Leighton)
84.2%
The Crying Game
83.4%
*The Crying Game* (Neil Jordan)
83.4%
The Crying Game (Kant Pan)
83.4%
Susan Sarandon (Lorenzo's Oil)
82.3%
Jack Nicholson (A Few Good Men)
81.7%
James Ivory (Howards End)
80.2%
Stephen Rea (The Crying Game)
79.8%
Denzel Washington (Malcolm X)
79.6%
Vanessa Redgrave (Howards End)
77.3%
Michelle Pfeiffer (Love Field)
75.5%
Lorenzo's Oil (George Miller, Nick Enright)
74.8%
% Correct
Judy Davis (Husbands and Wives)
74.6%
Malcolm X (Ruth E. Carter)
73.4%
Jaye Davidson (The Crying Game)
72.3%
Neil Jordan (The Crying Game)
72.1%
Miranda Richardson (Damage)
72.1%
Husbands and Wives (Woody Allen)
71.5%
Martin Brest (Scent of a Woman)
71.3%
Robert Downey Jr. (Chaplin)
68%
Joan Plowright (Enchanted April)
66.5%
Chaplin (Stuart Craig, Chris Butler)
66.5%
Robert Altman (The Player)
66.3%
The Player (Michael Tolkin)
65.7%
The Player (Geraldine Peroni)
65.7%
Enchanted April (Peter Barnes)
62.4%
Enchanted April (Sheena Napier)
62.4%
Mary McDonnell (Passion Fish)
61.7%
Catherine Deneuve (Indochine)
61.5%
David Paymer (Mr. Saturday Night)
59%
Passion Fish (John Sayles)
58.8%
A River Runs Through It (Richard Friedenberg)
49.7%
*A River Runs Through It* (Philippe Rousselot)
49.7%
Dracula (Thomas E. Sanders, Garrett Lewis)
42.2%
*Dracula* (Eiko Ishioka)
41%
*Dracula* (Greg Cannom, Michèle Burke, Matthew W. Mungle)
41%
Batman Returns (Ve Neill, Ronnie Specter, Stan Winston)
32.2%
Toys (Ferdinando Scarfiotti, Linda DeScenna)
29%
Hoffa (Stephen H. Burum)
28.7%
Hoffa (Ve Neill, Greg Cannom, John Blake)
28.7%
Toys (Albert Wolsky)
27.7%
The Lover (Robert Fraisse)
24.7%
Basic Instinct (Frank J. Urioste)
23.1%
Quiz Playlist
Details
Report
Send in Message
Add To Playlist
Classic:
Type in answers that appear in a list
Last Updated: Feb 16, 2017
Quiz Scoreboard
CHALLENGE
Sign Up to Join the Scoreboard
Show All
Scores
Hide
Comments
May contain spoilers
Recently Published
Presidents Visiting Landmarks
by Hejman
History
7m
An Introduction to Baseball
by treessimontrees
Sports
5m
Movies - When Are They Set?
by FPL_Elf
Movies
5m
More to Explore
Quiz From the Vault
Featured Blog Post
Where Did the Easter Bunny Come From?
hide this ad
You Might Also Like...
Tags
Nominee Quiz
Oscar Quiz
1990s
Oscars 1970-2008
Today's Top Quizzes in Movies
Browse Movies
hide this ad
Today's Top Quizzes in Nominee
Browse Nominee
Top Contributed Quizzes in Movies
1
Pick 5 Posters: Directed by Spielberg
2
Pick 5 Posters: Lowest-Rated Spielberg
3
7-to-1: Pixar Characters
4
Multi-Oscar Nominations, One Movie, One Winner
5
Pick 5 Posters: Directed by Scorsese
6
12 Movies about Fictional 1960s Events
7
Pick 5 Posters: Star & Director
8
Sorting Actors
9
Sorting Actresses
10
One Thing in Common: Movies
Explore More
Trending Topics
NBA
Anime
Kpop
Marvel
Harry Potter
Disney
Crossword
Puzzle
Pokémon
WWE
NFL
Soccer
Song
The Office
Country
hide this ad
More By:
mtchd
Quiz
Plays
Rating
Category
Featured
Created
Oscar Nominees (2000)
773
4.75
Movies
Apr 14, 2013
Oscar Nominees (1991)
683
5.00
Movies
Apr 11, 2013
Oscar Nominees (1990)
673
4.67
Movies
Apr 11, 2013
Oscar Nominees (1999)
623
4.60
Movies
Apr 12, 2013
Oscar Nominees (1998)
617
4.83
Movies
Apr 11, 2013
Go to Creator's Profile
Score Distribution
Quiz Creator Spotlight
mtchd
Follow
Send a Message
Quizzes Created
-
Created Quiz Play Count
-
More By This Creator
Popular Quizzes Today
1
Find the US States - No Outlines Minefield
2
Find the Countries of Europe - No Outlines Minefield
3
The Countries of the World
4
Find the US States
5
Popular People in 1961
6
US States
7
Risky Map Clicking: Biggest States A-Z
8
1-10 Letter E Words III
More Movies Quizzes
Disney Descendants Trilogy Songs by Clip
Quiz Lab
Trending Quizzes
Risky Map Clicking: Least Populous States A-Z
1-10 Letter G Words
1-10 Letter F Words
One Thing in Common: United Kingdom
Risky Map Clicking: Next State Alphabetically
Recently Updated
Leaping Animals
pecheneg
Reality TV Shows (A-Z)
bhenderson79
Rickey Henderson's Hall of Fame Teammates
pecheneg
Champions League XIs: Arsenal
pecheneg
Quick Pick: Celebrities in WWE's Hall of Fame
aduchscher
A-Z Keypad Blitz II
pecheneg
Multiple Oscar Actors
pecheneg
Mystery Phrase Blitz: Oscar 'Best Actors'
pecheneg
F. Scott Fitzgerald Novels
LTH
Pick 3 Villains
ddd62291
Trending Topics
Disney
Harry Potter
Crossword
Anime
NBA
Kpop
Marvel
Pokémon
Soccer
Song
Country
NFL
Puzzle
WWE
The Office
Your Account Isn't Verified!
In order to create a playlist on Sporcle, you need to verify the email address you used during registration. Go to your
Sporcle Settings
to finish the process.
Report this User
Report this user for behavior that violates our
Community Guidelines
.
Details:
Send Report
Go to the Sporcle.com Mobile Site →
Comments